| 000 | 00608nam a2200229Ia 4500 | ||
|---|---|---|---|
| 003 | OSt | ||
| 005 | 20221007082025.0 | ||
| 006 | a|||||r|||| 00| 0 | ||
| 007 | ta | ||
| 008 | 221006b |||||||| |||| 00| 0 eng d | ||
| 024 | _a19,192 | ||
| 037 | _cTextual | ||
| 040 |
_aFLL _cFLL _beng |
||
| 041 |
_2eng _aeng |
||
| 082 | _aZ,6, L8 | ||
| 100 |
_aSpeekantan K. Au. _9698527 |
||
| 245 | 0 | _aPrivate international law | |
| 260 |
_aTrivandrum _bAcademy of legal publications India _c1978 |
||
| 300 |
_a276p _ccm. |
||
| 942 |
_hZ,6, L8 _cTEXL _2CC |
||
| 999 |
_c1165078 _d1165078 |
||